All creatures great and small. (Record no. 23)
[ view plain ]
| 000 -LEADER | |
|---|---|
| fixed length control field | 00674cam a2200265 4500 |
| 003 - CONTROL NUMBER IDENTIFIER | |
| control field | data |
| 005 - DATE AND TIME OF LATEST TRANSACTION | |
| control field | 20260322212003.0 |
| 008 - FIXED-LENGTH DATA ELEMENTS--GENERAL INFORMATION | |
| fixed length control field | data |
| 010 ## - LIBRARY OF CONGRESS CONTROL NUMBER | |
| LC control number | 73003095 //r82 |
| 019 ## - | |
| -- | 878678 |
| 020 ## - INTERNATIONAL STANDARD BOOK NUMBER | |
| International Standard Book Number | 0816160953 |
| 020 ## - INTERNATIONAL STANDARD BOOK NUMBER | |
| International Standard Book Number | 9780816160952 |
| 040 ## - CATALOGING SOURCE | |
| Original cataloging agency | DLC |
| Transcribing agency | DLC |
| Modifying agency | ODC |
| -- | ODC |
| 043 ## - GEOGRAPHIC AREA CODE | |
| Geographic area code | e-uk-en |
| 050 1# - LIBRARY OF CONGRESS CALL NUMBER | |
| Classification number | SF613.H44 |
| Item number | A28 1973 |
| 001 - CONTROL NUMBER | |
| control field | data |
| 100 1# - MAIN ENTRY--PERSONAL NAME | |
| Personal name | Herriot, James. |
| 245 10 - TITLE STATEMENT | |
| Title | All creatures great and small. |
| Statement of responsibility, etc. | James Herriot. |
| 260 ## - PUBLICATION, DISTRIBUTION, ETC. | |
| Place of publication, distribution, etc. | Boston, |
| Name of publisher, distributor, etc. | G. K. Hall, |
| Date of publication, distribution, etc. | 1973 [c1972] |
| 300 ## - PHYSICAL DESCRIPTION | |
| Extent | 497 p. |
| Dimensions | 25 cm. |
| 500 ## - GENERAL NOTE | |
| General note | Large print ed. |
| 600 10 - SUBJECT ADDED ENTRY--PERSONAL NAME | |
| Personal name | Herriot, James. |
| 650 #0 - SUBJECT ADDED ENTRY--TOPICAL TERM | |
| Topical term or geographic name entry element | Veterinarians |
| Geographic subdivision | Yorkshire |
| -- | Yorkshire |
| General subdivision | Biography. |
| 650 #0 - SUBJECT ADDED ENTRY--TOPICAL TERM | |
| Topical term or geographic name entry element | Large type books. |
| Withdrawn status | Lost status | Damaged status | Not for loan | Home library | Current library | Shelving location | Date acquired | Total checkouts | Full call number | Barcode | Date last seen | Price effective from | Koha item type |
|---|---|---|---|---|---|---|---|---|---|---|---|---|---|
| Troy | Troy | General stacks | 22/03/2026 | SF613.H44 A28 1973 | BC0010023 | 22/03/2026 | 22/03/2026 | Books |